[Event "Swindon Open 1st"]
[Site "Swindon"]
[Date "2025.08.23"]
[Round "2.5"]
[White "Holmes, Matthew A"]
[Black "Garcia Hernandez, Oscar"]
[Result "0-1"]
[WhiteElo "1776"]
[BlackElo "2083"]
[PlyCount "52"]
[EventDate "2025.08.22"]
[EventType "swiss"]
[EventRounds "6"]
[EventCountry "ENG"]
[SourceTitle "BritBase"]
[Source "John Saunders"]
[SourceDate "2025.12.11"]
[SourceVersion "1"]
[SourceVersionDate "2025.12.11"]
[SourceQuality "1"]

1. Nf3 Nf6 2. c4 c5 3. Nc3 Nc6 4. g3 d5 5. d4 cxd4 6. Nxd4 dxc4 7. Nxc6 Qxd1+ 8. Nxd1 bxc6 9. Bg2 Nd5 10. Ne3 e6 11. Nxc4 Ba6 12. b3 Bb4+ 13. Bd2 Ke7 14. Rc1 Rac8 15. e4 Bxd2+ 16. Kxd2 Nb4 17. a3 Rhd8+ 18. Ke2 Nd3 19. Rc3 Nc5 20. Rhc1 Rb8 21. Ke3 Nxb3 22. Rb1 Bxc4 23. Rxc4 Nd2 24. Rbc1 Nxc4+ 25. Rxc4 Rb3+ 26. Kf4 Rd2 0-1

[Event "Swindon Open 1st"]
[Site "Swindon"]
[Date "2025.08.23"]
[Round "2.6"]
[White "Lin, Vickie"]
[Black "Malinovskii, Ilia"]
[Result "0-1"]
[WhiteElo "1070"]
[BlackElo "2075"]
[PlyCount "56"]
[EventDate "2025.08.22"]
[EventType "swiss"]
[EventRounds "6"]
[EventCountry "ENG"]
[SourceTitle "BritBase"]
[Source "John Saunders"]
[SourceDate "2025.12.11"]
[SourceVersion "1"]
[SourceVersionDate "2025.12.11"]
[SourceQuality "1"]

1. e4 e6 2. d4 d5 3. e5 c5 4. c3 Nc6 5. Nf3 Nh6 6. Be2 Nf5 7. O-O cxd4 8. cxd4 Qb6 9. Nc3 a6 10. Na4 Qa7 11. Be3 b5 12. Nc3 Be7 13. Rc1 Bd7 14. a4 b4 15. Na2 O-O 16. Qd3 f6 17. exf6 Bxf6 18. Rfd1 a5 19. Rc2 b3 20. Qxb3 Ncxd4 21. Qd3 Nxe3 22. Nxd4 Nxd1 23. Bxd1 Qxd4 24. Qe2 Bxa4 25. Rd2 Qc4 26. Qxe6+ Kh8 27. Nc3 Bxc3 28. bxc3 Rae8 0-1

[Event "Swindon Open 1st"]
[Site "Swindon"]
[Date "2025.08.23"]
[Round "2.7"]
[White "Jones, Steven A"]
[Black "Kapechun, Mikhailo"]
[Result "1-0"]
[WhiteElo "2185"]
[BlackElo "1985"]
[PlyCount "51"]
[EventDate "2025.08.22"]
[EventType "swiss"]
[EventRounds "6"]
[EventCountry "ENG"]
[SourceTitle "BritBase"]
[Source "John Saunders"]
[SourceDate "2025.12.11"]
[SourceVersion "1"]
[SourceVersionDate "2025.12.11"]
[SourceQuality "1"]

1. e4 c5 2. Nf3 d6 3. d4 cxd4 4. Nxd4 Nf6 5. Nc3 Nc6 6. Bg5 e6 7. Qd2 a6 8. O-O-O Be7 9. Nb3 b5 10. Bxf6 gxf6 11. f4 Bb7 12. Kb1 Na5 13. f5 Nxb3 14. axb3 b4 15. Ne2 Bxe4 16. fxe6 fxe6 17. Nf4 Qd7 18. Bc4 d5 19. Rhe1 Rd8 20. Qe2 f5 21. Qh5+ Kf8 22. Qh6+ Kf7 23. Rxe4 fxe4 24. Rf1 Rdf8 25. Nxe6+ Ke8 26. Qh5+ 1-0

[Event "Swindon Open 1st"]
[Site "Swindon"]
[Date "2025.08.23"]
[Round "2.8"]
[White "Bolt, Graham"]
[Black "White, Stuart A"]
[Result "0-1"]
[WhiteElo "1917"]
[BlackElo "2095"]
[PlyCount "76"]
[EventDate "2025.08.22"]
[EventType "swiss"]
[EventRounds "6"]
[EventCountry "ENG"]
[SourceTitle "BritBase"]
[Source "John Saunders"]
[SourceDate "2025.12.11"]
[SourceVersion "1"]
[SourceVersionDate "2025.12.11"]
[SourceQuality "1"]

1. Nf3 Nf6 2. g3 c5 3. Bg2 Nc6 4. c4 d5 5. cxd5 Nxd5 6. O-O e5 7. d3 Be7 8. Nc3 Nc7 9. Bd2 O-O 10. Rc1 Rb8 11. Na4 b6 12. a3 Be6 13. b4 Nd4 14. Nxd4 cxd4 15. Nb2 b5 16. e4 dxe3 17. Bxe3 Nd5 18. Bc5 Re8 19. d4 Bg5 20. Ra1 Nc3 21. Qd3 exd4 22. Rfe1 Bf6 23. Bxa7 Rc8 24. Bc5 Qd7 25. Qd2 Bf5 26. Nd3 Ne4 27. Qd1 Nxc5 28. Nxc5 Rxe1+ 29. Qxe1 Qe7 30. Qd2 Bg5 31. f4 Bf6 32. Re1 Qa7 33. Be4 Bxe4 34. Rxe4 Qxa3 35. Nd7 d3 36. Qe3 Qa1+ 37. Qe1 Qxe1+ 38. Rxe1 d2 0-1

[Event "Swindon Open 1st"]
[Site "Swindon"]
[Date "2025.08.23"]
[Round "2.9"]
[White "Cook, Michael-Antony"]
[Black "Hariharan, Shambavi"]
[Result "0-1"]
[WhiteElo "1913"]
[BlackElo "2069"]
[PlyCount "68"]
[EventDate "2025.08.22"]
[EventType "swiss"]
[EventRounds "6"]
[EventCountry "ENG"]
[SourceTitle "BritBase"]
[Source "John Saunders"]
[SourceDate "2025.12.11"]
[SourceVersion "1"]
[SourceVersionDate "2025.12.11"]
[SourceQuality "1"]

1. e4 e5 2. Nf3 Nc6 3. Bb5 a6 4. Ba4 Nf6 5. O-O Be7 6. Re1 b5 7. Bb3 d6 8. c3 O-O 9. h3 Na5 10. Bc2 c5 11. d4 Qc7 12. d5 Nc4 13. b3 Nb6 14. Be3 Bd7 15. Nbd2 Ne8 16. Nf1 f5 17. exf5 Bxf5 18. Bxf5 Rxf5 19. Qd3 Rf8 20. Ng3 Qd7 21. c4 h6 22. Nd2 Bh4 23. Nge4 Rb8 24. Reb1 Nf6 25. Nxf6+ Rxf6 26. Ne4 Rf7 27. f3 Nc8 28. Qd2 Ne7 29. b4 cxb4 30. Rxb4 Nf5 31. Rab1 Bd8 32. R4b2 Nxe3 33. Qxe3 Bb6 34. c5 dxc5 0-1

[Event "Swindon Open 1st"]
[Site "Swindon"]
[Date "2025.08.23"]
[Round "2.10"]
[White "Sachdeva, Ronit"]
[Black "Warimwe, David James"]
[Result "1-0"]
[WhiteElo "2058"]
[BlackElo "1853"]
[PlyCount "53"]
[EventDate "2025.08.22"]
[EventType "swiss"]
[EventRounds "6"]
[EventCountry "ENG"]
[SourceTitle "BritBase"]
[Source "John Saunders"]
[SourceDate "2025.12.11"]
[SourceVersion "1"]
[SourceVersionDate "2025.12.11"]
[SourceQuality "1"]

1. e4 c6 2. d4 d5 3. e5 c5 4. Nf3 cxd4 5. Qxd4 Nc6 6. Qf4 e6 7. Bd3 Nge7 8. Ng5 Nf5 9. g4 Nh6 10. Nf3 Bc5 11. Nc3 a6 12. O-O Nb4 13. Be3 Nxd3 14. cxd3 Be7 15. Na4 b5 16. Nb6 Rb8 17. Nxc8 Rxc8 18. Rac1 Rxc1 19. Rxc1 f5 20. exf6 Bxf6 21. Bc5 Bxb2 22. Re1 Qf6 23. Qd6 e5 24. Qxd5 Nxg4 25. h3 Bc3 26. Re4 Nh6 27. Nxe5 1-0

[Event "Swindon Open 1st"]
[Site "Swindon"]
[Date "2025.08.23"]
[Round "2.11"]
[White "Hill, Andy"]
[Black "Brocklehurst, Andrew"]
[Result "1/2-1/2"]
[WhiteElo "1989"]
[BlackElo "1856"]
[PlyCount "78"]
[EventDate "2025.08.22"]
[EventType "swiss"]
[EventRounds "6"]
[EventCountry "ENG"]
[SourceTitle "BritBase"]
[Source "John Saunders"]
[SourceDate "2025.12.11"]
[SourceVersion "1"]
[SourceVersionDate "2025.12.11"]
[SourceQuality "1"]

1. Nf3 Nf6 2. d4 g6 3. c4 Bg7 4. g3 O-O 5. Bg2 d6 6. O-O c6 7. Nc3 Qc7 8. e4 e5 9. h3 a6 10. a4 Nbd7 11. Be3 Re8 12. Qc2 exd4 13. Nxd4 Ne5 14. Qe2 c5 15. Nc2 Be6 16. Na3 Qd7 17. Kh2 b5 18. cxb5 axb5 19. Qxb5 Qe7 20. Qe2 Nc6 21. e5 Nxe5 22. Bxa8 Rxa8 23. f4 Nc6 24. Bf2 Qd7 25. g4 Re8 26. Qf3 Nd4 27. Qg2 Bb3 28. Rae1 Rb8 29. a5 Qa7 30. Bh4 Qxa5 31. f5 Qd8 32. fxg6 hxg6 33. Qf2 g5 34. Bg3 Be6 35. Qd2 Rb7 36. Ne4 Nxe4 37. Rxe4 Rxb2 38. Qxb2 Nf3+ 39. Rxf3 Bxb2 1/2-1/2

[Event "Swindon Open 1st"]
[Site "Swindon"]
[Date "2025.08.23"]
[Round "2.13"]
[White "Tamilselvan, Tara"]
[Black "Gordon, Sean"]
[Result "1-0"]
[WhiteElo "1795"]
[BlackElo "1975"]
[PlyCount "97"]
[EventDate "2025.08.22"]
[EventType "swiss"]
[EventRounds "6"]
[EventCountry "ENG"]
[SourceTitle "BritBase"]
[Source "John Saunders"]
[SourceDate "2025.12.11"]
[SourceVersion "1"]
[SourceVersionDate "2025.12.11"]
[SourceQuality "1"]

1. e4 c5 2. c3 Nf6 3. e5 Nd5 4. d4 cxd4 5. Nf3 Nc6 6. Bc4 Nb6 7. Bb3 e6 8. cxd4 d6 9. O-O Be7 10. Nc3 O-O 11. Bf4 a5 12. a3 d5 13. Bc2 f5 14. exf6 Bxf6 15. Qd3 g6 16. Nb5 Nc4 17. b3 e5 18. bxc4 e4 19. Qe3 exf3 20. Qxf3 Bxd4 21. Rad1 dxc4 22. Nd6 Qf6 23. Nxc8 Raxc8 24. g3 Rcd8 25. Rfe1 Kh8 26. Qg4 Rfe8 27. Be4 Ne5 28. Qh3 Nd3 29. Bxd3 Rxe1+ 30. Rxe1 cxd3 31. Qg2 Qb6 32. Qf3 Qb2 33. Rd1 Qe2 34. Kg2 Bf6 35. Bc7 Qxf3+ 36. Kxf3 Rd5 37. Ke4 Rc5 38. Bb6 Rb5 39. Be3 Rb3 40. Rxd3 a4 41. Bc5 Kg8 42. h4 h5 43. Rd6 Kf7 44. Rd3 b5 45. Bb4 Ke6 46. Rd6+ Kf7 47. Rd3 Rb2 48. Rf3 Ke6 49. Rxf6+ 1-0

[Event "Swindon Open 1st"]
[Site "Swindon"]
[Date "2025.08.23"]
[Round "2.14"]
[White "Terler, Bohdan"]
[Black "Sieczkowski, Adam"]
[Result "0-1"]
[WhiteElo "1974"]
[BlackElo "1806"]
[PlyCount "84"]
[EventDate "2025.08.22"]
[EventType "swiss"]
[EventRounds "6"]
[EventCountry "ENG"]
[SourceTitle "BritBase"]
[Source "John Saunders"]
[SourceDate "2025.12.11"]
[SourceVersion "1"]
[SourceVersionDate "2025.12.11"]
[SourceQuality "1"]

1. e4 e5 2. Nf3 Nc6 3. Nc3 Nf6 4. d4 exd4 5. Nxd4 Bb4 6. Nxc6 bxc6 7. Bd3 d5 8. Bd2 O-O 9. O-O Rb8 10. Re1 Re8 11. exd5 cxd5 12. Rxe8+ Qxe8 13. Bg5 Ng4 14. Nxd5 Bc5 15. Be3 Nxe3 16. Nxe3 Bxe3 17. Qe2 Rxb2 18. fxe3 Qe5 19. Rd1 g6 20. Qf3 Kg7 21. a3 Be6 22. Kh1 Ra2 23. h3 Rxa3 24. Qb7 Bd5 25. Qb4 Ra1 26. Rxa1 Qxa1+ 27. Kh2 Qe5+ 28. Qf4 Qxf4+ 29. exf4 Kf6 30. g4 Ke7 31. Kg3 Kd6 32. c4 Bc6 33. Kf2 Kc5 34. Ke3 Bg2 35. Kf2 Bxh3 36. Kg3 Kd4 37. Bb1 Bf1 38. c5 Kxc5 39. f5 g5 40. f6 h6 41. Kf3 Kd5 42. Ba2+ Bc4 0-1

[Event "Swindon Open 1st"]
[Site "Swindon"]
[Date "2025.08.23"]
[Round "2.15"]
[White "Sagues, Vincent"]
[Black "Poderico, Francesco"]
[Result "1-0"]
[WhiteElo "1936"]
[BlackElo "1731"]
[PlyCount "115"]
[EventDate "2025.08.22"]
[EventType "swiss"]
[EventRounds "6"]
[EventCountry "ENG"]
[SourceTitle "BritBase"]
[Source "John Saunders"]
[SourceDate "2025.12.11"]
[SourceVersion "1"]
[SourceVersionDate "2025.12.11"]
[SourceQuality "1"]

1. e4 e6 2. d4 c5 3. Nf3 cxd4 4. Nxd4 Bc5 5. Be3 Qb6 6. Na3 d5 7. Bb5+ Bd7 8. exd5 exd5 9. Qe2 Ne7 10. c3 O-O 11. b4 Bxd4 12. Bxd4 Qe6 13. O-O a6 14. Bd3 Qxe2 15. Bxe2 b5 16. Nc2 Be6 17. a4 bxa4 18. Rxa4 Rc8 19. Rfa1 Nf5 20. Bxa6 Nxa6 21. Rxa6 Rxa6 22. Rxa6 Nxd4 23. Nxd4 Rxc3 24. Ra8+ Rc8 25. Rxc8+ Bxc8 26. Kf1 Kf8 27. Ke2 Ke7 28. Ke3 Bd7 29. Ne2 Kd6 30. Kd4 Bb5 31. Nc3 Bc4 32. f4 h5 33. g3 f6 34. Nd1 g6 35. h4 Be2 36. Ne3 Bf3 37. b5 f5 38. b6 Kc6 39. b7 Kxb7 40. Nxd5 Kc8 41. Ne7+ Kd7 42. Nxg6 Ke6 43. Ne5 Be4 44. Kc5 Bg2 45. Nc6 Be4 46. Nd4+ Ke7 47. Nb5 Ke6 48. Kd4 Bf3 49. Kc5 Be4 50. Nc7+ Ke7 51. Kd4 Kd7 52. Na6 Kd6 53. Nc5 Bf3 54. Nd3 Be4 55. Ne5 Ke6 56. Kc5 Bg2 57. Nc6 Bf3 58. Nd4+ 1-0

[Event "Swindon Open 1st"]
[Site "Swindon"]
[Date "2025.08.23"]
[Round "2.16"]
[White "Walsh, Jordan"]
[Black "Gimenez Menchon, Cesar"]
[Result "0-1"]
[WhiteElo "1735"]
[BlackElo "2075"]
[PlyCount "80"]
[EventDate "2025.08.22"]
[EventType "swiss"]
[EventRounds "6"]
[EventCountry "ENG"]
[SourceTitle "BritBase"]
[Source "John Saunders"]
[SourceDate "2025.12.11"]
[SourceVersion "1"]
[SourceVersionDate "2025.12.11"]
[SourceQuality "1"]

1. d4 d6 2. Nf3 Nf6 3. c4 g6 4. Nc3 Nbd7 5. e4 e5 6. Be3 Bg7 7. Be2 O-O 8. d5 a5 9. Rb1 h6 10. Nd2 Nh7 11. a3 f5 12. f3 f4 13. Bf2 h5 14. h4 c5 15. b4 b6 16. Bd3 g5 17. Bc2 g4 18. bxc5 g3 19. Bg1 bxc5 20. Ba4 Rf7 21. Bc6 Rb8 22. Nb5 Nb6 23. a4 Nf8 24. Na3 Ng6 25. Rb5 Ne7 26. Nb3 Nxc6 27. dxc6 Qc7 28. Rxa5 Qxc6 29. Nb5 Nxc4 30. Ra7 Be6 31. Na5 Nxa5 32. Rxa5 Bf8 33. Nc3 Rfb7 34. Rb5 Bc4 35. Rxb7 Qxb7 36. Bxc5 dxc5 37. Nb5 Bxb5 38. axb5 c4 39. O-O Bc5+ 40. Kh1 Qe7 0-1

[Event "Swindon Open 1st"]
[Site "Swindon"]
[Date "2025.08.23"]
[Round "2.17"]
[White "Thomas, James"]
[Black "Coffey, Anthony"]
[Result "1-0"]
[WhiteElo "1882"]
[BlackElo "1953"]
[PlyCount "105"]
[EventDate "2025.08.22"]
[EventType "swiss"]
[EventRounds "6"]
[EventCountry "ENG"]
[SourceTitle "BritBase"]
[Source "John Saunders"]
[SourceDate "2025.12.11"]
[SourceVersion "1"]
[SourceVersionDate "2025.12.11"]
[SourceQuality "1"]

1. Nf3 Nf6 2. g3 g6 3. b3 Bg7 4. Bb2 O-O 5. Bg2 d6 6. d4 Nbd7 7. O-O e5 8. dxe5 Ng4 9. Qd2 Ndxe5 10. Nxe5 Nxe5 11. c4 Be6 12. f4 Nc6 13. Bxg7 Kxg7 14. Nc3 Qd7 15. e4 f6 16. Nd5 Bxd5 17. cxd5 Nd8 18. Rac1 Nf7 19. Rc4 Rac8 20. Qa5 c5 21. dxc6 bxc6 22. Qa4 Nd8 23. Rd1 Qc7 24. Qa3 Qb6+ 25. Kh1 Nf7 26. Rdc1 c5 27. Ra4 Rc7 28. Rcc4 Re8 29. Ra6 Qb8 30. Qb2 Qb5 31. Rca4 c4 32. Rxa7 c3 33. Qc1 Rxa7 34. Rxa7 Rc8 35. Bh3 c2 36. Bxc8 Qe2 37. Rxf7+ Kxf7 38. Bg4 Qxe4+ 39. Kg1 Qd4+ 40. Kf1 Qc3 41. Ke2 d5 42. Bf3 Ke6 43. Bxd5+ Kf5 44. a4 Kg4 45. Be4 Qxb3 46. Qxc2 Qa3 47. Qd3 Qb2+ 48. Qd2 Qa3 49. a5 Qa4 50. Bf3+ Kh3 51. Ke1 Qa1+ 52. Kf2 Kxh2 53. Ke3+ 1-0

[Event "Swindon Open 1st"]
[Site "Swindon"]
[Date "2025.08.23"]
[Round "2.18"]
[White "Coman, Kas"]
[Black "Lopatko, Vasyl"]
[Result "1-0"]
[WhiteElo "1950"]
[BlackElo "1857"]
[PlyCount "101"]
[EventDate "2025.08.22"]
[EventType "swiss"]
[EventRounds "6"]
[EventCountry "ENG"]
[SourceTitle "BritBase"]
[Source "John Saunders"]
[SourceDate "2025.12.11"]
[SourceVersion "1"]
[SourceVersionDate "2025.12.11"]
[SourceQuality "1"]

1. e4 c5 2. Nf3 d6 3. d4 cxd4 4. Nxd4 Nf6 5. Nc3 a6 6. Bg5 e6 7. f4 Be7 8. Qf3 Qc7 9. O-O-O Nbd7 10. g4 h6 11. Bxf6 Bxf6 12. h4 Nc5 13. g5 Be7 14. Bh3 b5 15. b4 Na4 16. Nxa4 bxa4 17. g6 O-O 18. gxf7+ Rxf7 19. Qd3 Rb8 20. Nxe6 Qb7 21. a3 Kh8 22. Bf5 a5 23. Ng5 Rf8 24. Bxc8 Qxc8 25. e5 Qf5 26. Qxf5 Rxf5 27. exd6 Bd8 28. Ne6 axb4 29. axb4 Rf6 30. Nxd8 Rxd8 31. d7 Rf7 32. Kb2 Rfxd7 33. Rxd7 Rxd7 34. Ka3 Rd4 35. Kxa4 Rxf4 36. Ka5 Kg8 37. b5 Rc4 38. Rh2 Rc3 39. Ka6 Ra3+ 40. Kb7 Kf8 41. Re2 Ra4 42. h5 Rc4 43. b6 g5 44. hxg6 h5 45. Ka6 Ra4+ 46. Kb5 Ra8 47. b7 Rb8 48. Kc6 Kg7 49. Kc7 Rxb7+ 50. Kxb7 Kxg6 51. c4 1-0

[Event "Swindon Open 1st"]
[Site "Swindon"]
[Date "2025.08.23"]
[Round "2.19"]
[White "Sherwood, Gabriel"]
[Black "Moyse, Nigel John"]
[Result "0-1"]
[WhiteElo "1848"]
[BlackElo "1944"]
[PlyCount "62"]
[EventDate "2025.08.22"]
[EventType "swiss"]
[EventRounds "6"]
[EventCountry "ENG"]
[SourceTitle "BritBase"]
[Source "John Saunders"]
[SourceDate "2025.12.11"]
[SourceVersion "1"]
[SourceVersionDate "2025.12.11"]
[SourceQuality "1"]

1. e4 e6 2. d4 d5 3. Nc3 Nf6 4. e5 Nfd7 5. Nf3 c5 6. dxc5 Bxc5 7. Bd3 a6 8. O-O Nc6 9. Bf4 b5 10. a3 Be7 11. Re1 Bb7 12. Qd2 Nc5 13. b4 Nxd3 14. cxd3 Qb6 15. Ne2 O-O 16. Ng3 a5 17. Nh5 Nd4 18. Qe3 Nxf3+ 19. Qxf3 f5 20. Bh6 Rf7 21. Qg3 g6 22. Bg5 gxh5 23. Be3+ Rg7 24. Qxg7+ Kxg7 25. Bxb6 d4 26. Bxa5 Bg5 27. Bb6 Bd2 28. Red1 Bc3 29. Rac1 Bd5 30. Ba5 h4 31. f4 Kg6 0-1

[Event "Swindon Open 1st"]
[Site "Swindon"]
[Date "2025.08.23"]
[Round "2.20"]
[White "Bourne, Johnathan D"]
[Black "Bigi, Francesco"]
[Result "1-0"]
[WhiteElo "1915"]
[BlackElo "1497"]
[PlyCount "55"]
[EventDate "2025.08.22"]
[EventType "swiss"]
[EventRounds "6"]
[EventCountry "ENG"]
[SourceTitle "BritBase"]
[Source "John Saunders"]
[SourceDate "2025.12.11"]
[SourceVersion "1"]
[SourceVersionDate "2025.12.11"]
[SourceQuality "1"]

1. e4 e6 2. b3 d5 3. Bb2 Nf6 4. e5 Nfd7 5. f4 c5 6. Nf3 Nc6 7. Nc3 Be7 8. Bd3 a6 9. O-O b5 10. Kh1 Qb6 11. Re1 Bb7 12. Bf1 Rc8 13. d4 cxd4 14. Ne2 Bb4 15. Nexd4 Bxe1 16. Qxe1 Qc7 17. Qg3 g6 18. Bd3 Nb4 19. Nxe6 fxe6 20. Bxg6+ hxg6 21. Qxg6+ Kd8 22. Nd4 Qb6 23. Nxe6+ Ke7 24. Qg7+ Kxe6 25. f5+ Kxf5 26. Rf1+ Ke4 27. Qg4+ Ke3 28. Bc1# 1-0

[Event "Swindon Open 1st"]
[Site "Swindon"]
[Date "2025.08.23"]
[Round "3.1"]
[White "Arkell, Keith C"]
[Black "Verma, Aditya"]
[Result "1-0"]
[WhiteElo "2363"]
[BlackElo "2093"]
[PlyCount "121"]
[EventDate "2025.08.22"]
[EventType "swiss"]
[EventRounds "6"]
[EventCountry "ENG"]
[SourceTitle "BritBase"]
[Source "John Saunders"]
[SourceDate "2025.12.11"]
[SourceVersion "1"]
[SourceVersionDate "2025.12.11"]
[SourceQuality "1"]

1. d4 Nf6 2. Nf3 d5 3. c4 e6 4. cxd5 exd5 5. Nc3 c6 6. Qc2 g6 7. Bg5 Be7 8. Bxf6 Bxf6 9. e3 Bf5 10. Bd3 Bxd3 11. Qxd3 Nd7 12. b4 O-O 13. b5 Qa5 14. O-O Nc5 15. Qd2 Kg7 16. Rac1 Nd7 17. bxc6 bxc6 18. Ne4 Qxd2 19. Nexd2 Rfc8 20. Nb3 a5 21. Rfd1 Be7 22. Rc2 a4 23. Nc1 Rab8 24. Nd3 Rb5 25. g4 Ba3 26. Kg2 Rc7 27. Nd2 Bd6 28. Nb1 Ra5 29. Nc3 Nb6 30. Rb2 Nc4 31. Rb8 Na3 32. Nb2 Nb5 33. Nbxa4 Rca7 34. Rb6 Rxa4 35. Nxb5 cxb5 36. Rxd6 Rxa2 37. Rc1 b4 38. Rb6 Rb2 39. g5 b3 40. Rc8 h6 41. h4 hxg5 42. hxg5 Raa2 43. Rf6 Ra7 44. Rb8 Re7 45. Rd6 Rc7 46. Kg3 Rb1 47. Rxd5 b2 48. Kf3 f6 49. gxf6+ Kxf6 50. Rb6+ Kg7 51. Rg5 Rc2 52. Rgxg6+ Kf7 53. Rgf6+ Ke8 54. Rb8+ Ke7 55. Rh6 Kd7 56. Rb7+ Kc8 57. Rg7 Rxf2+ 58. Kxf2 Rf1+ 59. Ke2 Re1+ 60. Kd2 Re2+ 61. Kxe2 1-0

[Event "Swindon Open 1st"]
[Site "Swindon"]
[Date "2025.08.23"]
[Round "3.2"]
[White "Malinovskii, Ilia"]
[Black "Beaumont, Chris R"]
[Result "1/2-1/2"]
[WhiteElo "2075"]
[BlackElo "2142"]
[PlyCount "56"]
[EventDate "2025.08.22"]
[EventType "swiss"]
[EventRounds "6"]
[EventCountry "ENG"]
[SourceTitle "BritBase"]
[Source "John Saunders"]
[SourceDate "2025.12.11"]
[SourceVersion "1"]
[SourceVersionDate "2025.12.11"]
[SourceQuality "1"]

1. e4 g6 2. d4 Bg7 3. Nf3 d6 4. Nc3 a6 5. a4 Nf6 6. Be2 O-O 7. O-O Nc6 8. Be3 e5 9. dxe5 dxe5 10. Qxd8 Rxd8 11. Bc4 h6 12. h3 b6 13. Nd5 Nxd5 14. Bxd5 Bb7 15. Nd2 Na5 16. Ba2 Bc6 17. f3 Nb7 18. b4 Bf8 19. Rfb1 Kg7 20. Nc4 f6 21. a5 b5 22. Nd2 Be8 23. Kf2 Bf7 24. Bxf7 Kxf7 25. c4 c6 26. c5 Rd3 27. Ke2 Rad8 28. Rb3 Rxb3 1/2-1/2

[Event "Swindon Open 1st"]
[Site "Swindon"]
[Date "2025.08.23"]
[Round "3.3"]
[White "Boswell, Jacob Connor"]
[Black "Davis, Colin"]
[Result "1-0"]
[WhiteElo "2278"]
[BlackElo "1955"]
[PlyCount "101"]
[EventDate "2025.08.22"]
[EventType "swiss"]
[EventRounds "6"]
[EventCountry "ENG"]
[SourceTitle "BritBase"]
[Source "John Saunders"]
[SourceDate "2025.12.11"]
[SourceVersion "1"]
[SourceVersionDate "2025.12.11"]
[SourceQuality "1"]

1. d4 d6 2. e4 Nf6 3. f3 g6 4. c4 c5 5. Ne2 Be6 6. d5 Bd7 7. Nec3 Bg7 8. Be2 a6 9. O-O O-O 10. Be3 Qc7 11. Nd2 e6 12. a4 exd5 13. cxd5 Ra7 14. Kh1 Rd8 15. g4 Be8 16. g5 Nfd7 17. f4 b6 18. Qe1 f6 19. f5 gxf5 20. Qh4 f4 21. Bxf4 Bg6 22. Qg3 Ne5 23. h4 fxg5 24. Bxg5 h5 25. Nf3 Re8 26. Nxe5 Bxe5 27. Bf4 Qg7 28. Bxe5 Rxe5 29. Rg1 Kh7 30. Rg2 Nd7 31. Rf1 Ra8 32. Qh3 Qe7 33. Rfg1 Rg8 34. Bxa6 Nf6 35. Bd3 c4 36. Bc2 Ng4 37. Rf1 Rf8 38. Rxf8 Qxf8 39. Kg1 Qf4 40. Re2 Qc1+ 41. Nd1 Qf4 42. Nf2 Qc1+ 43. Qf1 Qxb2 44. Nxg4 hxg4 45. Qf4 Qd4+ 46. Kg2 Rxd5 47. Qxg4 Re5 48. Kh2 Kh6 49. Rg2 Bxe4 50. Qg7+ Kh5 51. Rg5+ 1-0

[Event "Swindon Open 1st"]
[Site "Swindon"]
[Date "2025.08.23"]
[Round "3.4"]
[White "Sagues, Vincent"]
[Black "Jones, Steven A"]
[Result "1/2-1/2"]
[WhiteElo "1936"]
[BlackElo "2185"]
[PlyCount "55"]
[EventDate "2025.08.22"]
[EventType "swiss"]
[EventRounds "6"]
[EventCountry "ENG"]
[SourceTitle "BritBase"]
[Source "John Saunders"]
[SourceDate "2025.12.11"]
[SourceVersion "1"]
[SourceVersionDate "2025.12.11"]
[SourceQuality "1"]

1. e4 c5 2. Nf3 Nc6 3. d4 cxd4 4. Nxd4 Nf6 5. Nc3 e5 6. Ndb5 d6 7. Bg5 a6 8. Na3 b5 9. Nd5 Be7 10. Bxf6 Bxf6 11. c4 b4 12. Nc2 O-O 13. g3 Bg5 14. Bg2 Qa5 15. O-O Qc5 16. b3 a5 17. Qd3 Ra7 18. Rad1 f5 19. exf5 Bxf5 20. Be4 Raf7 21. Bxf5 Rxf5 22. Nde3 R5f6 23. Qd5+ Qxd5 24. Nxd5 Rf3 25. Ne1 R3f7 26. Nc2 Rf3 27. Ne1 R3f7 28. Nc2 1/2-1/2

[Event "Swindon Open 1st"]
[Site "Swindon"]
[Date "2025.08.23"]
[Round "3.5"]
[White "White, Stuart A"]
[Black "Ortiz Sanchez, Luis"]
[Result "1-0"]
[WhiteElo "2095"]
[BlackElo "1908"]
[PlyCount "95"]
[EventDate "2025.08.22"]
[EventType "swiss"]
[EventRounds "6"]
[EventCountry "ENG"]
[SourceTitle "BritBase"]
[Source "John Saunders"]
[SourceDate "2025.12.11"]
[SourceVersion "1"]
[SourceVersionDate "2025.12.11"]
[SourceQuality "1"]

1. c4 e5 2. g3 Nf6 3. Bg2 c6 4. d4 e4 5. Nc3 d5 6. Bg5 Bb4 7. Qb3 Bxc3+ 8. bxc3 Nbd7 9. f3 Qa5 10. cxd5 cxd5 11. Nh3 O-O 12. O-O h6 13. Bf4 Nb6 14. Bc7 Bf5 15. Nf2 Rac8 16. Bd6 Rfe8 17. Bc5 Nbd7 18. Bb4 Qb5 19. fxe4 dxe4 20. Nd1 Be6 21. Qb2 Bc4 22. Ne3 Bxe2 23. Rf2 Bd3 24. Bh3 Qg5 25. Re1 Qb5 26. Rf5 Qc6 27. Qf2 Rcd8 28. d5 Qb6 29. d6 Re5 30. Qf4 Rde8 31. Kg2 a5 32. Ba3 Qc6 33. c4 Bxc4 34. Bb2 Rxf5 35. Nxf5 Qb5 36. Bd4 Be6 37. Ne7+ Kh8 38. Bxe6 fxe6 39. Rxe4 e5 40. Bxe5 Nxe5 41. Qxe5 Qd7 42. Rh4 Kh7 43. g4 Qa4 44. Qf5+ Kh8 45. Rxh6+ gxh6 46. Qxf6+ Kh7 47. Qg6+ Kh8 48. Qxh6# 1-0

[Event "Swindon Open 1st"]
[Site "Swindon"]
[Date "2025.08.23"]
[Round "3.6"]
[White "Ogunshola, Ben"]
[Black "Ronald, Ted"]
[Result "1/2-1/2"]
[WhiteElo "2070"]
[BlackElo "1827"]
[PlyCount "114"]
[EventDate "2025.08.22"]
[EventType "swiss"]
[EventRounds "6"]
[EventCountry "ENG"]
[SourceTitle "BritBase"]
[Source "John Saunders"]
[SourceDate "2025.12.11"]
[SourceVersion "1"]
[SourceVersionDate "2025.12.11"]
[SourceQuality "1"]

1. c4 c5 2. Nc3 Nc6 3. Nf3 g6 4. g3 Bg7 5. Bg2 e5 6. O-O Nge7 7. Ne1 O-O 8. Nc2 d6 9. d3 Be6 10. Ne3 Qd7 11. Ned5 Bh3 12. Ne4 Nxd5 13. cxd5 Na5 14. Bxh3 Qxh3 15. Bd2 b6 16. Bxa5 bxa5 17. Qa4 Rfd8 18. Qxa5 h6 19. Rab1 Qd7 20. b4 cxb4 21. Rxb4 f5 22. Nd2 e4 23. Rb3 exd3 24. Rxd3 Re8 25. e3 Rac8 26. Rb1 Rc5 27. Qa6 Rec8 28. Kg2 R8c7 29. Rb8+ Kh7 30. Nb3 Rc2 31. Nd4 Bxd4 32. Rxd4 R2c5 33. e4 fxe4 34. Qe2 Rc2 35. Qxe4 Qf7 36. Qf4 Rxa2 37. Rd8 Rd7 38. Rxd7 Qxd7 39. Re4 Qf5 40. Re7+ Kg8 41. Qxf5 gxf5 42. Re6 Ra6 43. Rxh6 Kg7 44. Re6 Kf7 45. h4 Rb6 46. h5 a5 47. Kf3 a4 48. Kf4 a3 49. Re1 Kf6 50. Ra1 Rb4+ 51. Ke3 Rb3+ 52. Kd4 Kg5 53. Rh1 a2 54. Ra1 Ra3 55. Kc4 Ra5 56. Kb4 Rxd5 57. Rxa2 Kxh5 1/2-1/2